Tising Export Katalog Slovakia 1997/98
| Corporate Author: | |
|---|---|
| Format: | Book |
| Language: | Slovak English German |
| PhysicalDescription: | 127 s. fotogr., mp., rekl., tab. 30 cm |
| Published: |
Piešťany
Trade Tising
1997
|
| ISBN: | 8096774344 |
| Subjects: |
MARC
| LEADER | 00000nam a2200000 a 4500 | ||
|---|---|---|---|
| 001 | vtls001327801 | ||
| 003 | SK-MaSNL | ||
| 005 | 20260425224954.0 | ||
| 008 | 160415s1998 xo ab y 0 slo | ||
| 015 | |a SNBF1998/04-02892 | ||
| 020 | |a 8096774344 | ||
| 035 | |a SNK000280612 | ||
| 040 | |a SNK |b slo |c SNK |e AACR2 | ||
| 041 | 0 | |a slo |a eng |a ger | |
| 044 | |a xo |c SK | ||
| 080 | |a 658.11+658.64+659(437.6)(058)"1997/1998" |2 1981 | ||
| 080 | |a 658.64 |2 1981 | ||
| 080 | |a 659 |2 1981 | ||
| 080 | |a 339.16.012.23 |2 1981 | ||
| 080 | |a 334.7 |2 1981 | ||
| 245 | 1 | |a Tising Export Katalog Slovakia 1997/98 | |
| 260 | |a Piešťany |b Trade Tising |c 1997 | ||
| 300 | |a 127 s. |b fotogr., mp., rekl., tab. |c 30 cm | ||
| 500 | |a Čiast. text angl. a nem. | ||
| 650 | 0 | 7 | |a firmy |2 SNKPH |9 2190 |
| 650 | 0 | 7 | |a služby |2 SNKPH |9 2356 |
| 651 | 7 | |a Slovensko |2 SNKPHgeo |9 14231 | |
| 710 | 2 | |a Trade Tising (Piešťany, Slovensko) |4 aut |9 115772 | |
| 919 | |a 80-967743-4-4 | ||
| 958 | |a FAD | ||
| 958 | |a TL | ||
| 999 | |c 632001 |d 633931 | ||
| 952 | |t P60, <03>, [BOOK], {603} |a SNK |b SNK |y PREZ |7 0 |p 17A0134378 |o snkOSB 11808/1997/98 |i snkKSP 4094/98 |0 0 |1 0 |4 0 |d 1998-04-17 |l 0 |r 2005-01-02 00:00:00 |w 2026-02-23 | ||


